| 000 | 01977cam a2200337 a 4500 | ||
|---|---|---|---|
| 003 | EG-GiCUC | ||
| 005 | 20250223031353.0 | ||
| 008 | 151214s2015 ua de f m 000 0 eng d | ||
| 040 |
_aEG-GiCUC _beng _cEG-GiCUC |
||
| 041 | 0 | _aeng | |
| 049 | _aDeposite | ||
| 097 | _aM.Sc | ||
| 099 | _aCai01.13.07.M.Sc.2015.Ma.E | ||
| 100 | 0 | _aMajid Manea Manea Albarashi | |
| 245 | 1 | 0 |
_aEvaluating connecting Al-mukha new wind farm to Yemen power system / _cMajid Manea Manea Al-Barashi , Supervised Essam Eldin Aboelzahab , Doaa Khalil Ibrahim |
| 246 | 1 | 5 | _aتقييم ربط مزرعة المخا الرياحية الجديدة مع الشبكة الكهربائية اليمنية |
| 260 |
_aCairo : _bMajid Manea Manea Albarashi , _c2015 |
||
| 300 |
_a102 P. , (2) Folded leaves of plates : _bcharts , plans ; _c30cm |
||
| 502 | _aThesis (M.Sc.) - Cairo University - Faculty of Engineering - Department of Electrical Power and Machines | ||
| 520 | _aThis thesis presents modeling and impact analysis of Al-Mukha wind farm (MWF) on Yemen power system. Two simulation studies are carried out; the first is impact on thermal limits, voltage variations, and system stability, with an MWF aggregated model. The other is analyzing low-voltage ride through, harmonics and flicker impact using the detailed MWF layout. The results show that lines loading and voltage variations are slightly reduced and the system stability will not be affected. Although MWF rides-through the grid fault, it contributes harmonics higher than the limits while flicker levels are far below any limits | ||
| 530 | _aIssued also as CD | ||
| 653 | 4 | _aDIgSILENT Power Factory | |
| 653 | 4 | _aDoubly fed induction generator | |
| 653 | 4 | _aGrid-connected wind farm | |
| 700 | 0 |
_aDoaa Khalil Ibrahim , _eSupervisor |
|
| 700 | 0 |
_aEssam Eldin Aboulzahab , _eSupervisor |
|
| 856 | _uhttp://172.23.153.220/th.pdf | ||
| 905 |
_aEnas _eCataloger |
||
| 905 |
_aNazla _eRevisor |
||
| 942 |
_2ddc _cTH |
||
| 999 |
_c53926 _d53926 |
||